<?xml version="1.0" encoding="UTF-8"?>
<record
    xmlns:xsi="http://www.w3.org/2001/XMLSchema-instance"
    xsi:schemaLocation="http://www.loc.gov/MARC21/slim http://www.loc.gov/standards/marcxml/schema/MARC21slim.xsd"
    xmlns="http://www.loc.gov/MARC21/slim">

  <leader>01982nam a2200349   4500</leader>
  <controlfield tag="001">114421</controlfield>
  <controlfield tag="003">DR-UNIBE</controlfield>
  <controlfield tag="005">20260309110933.0</controlfield>
  <controlfield tag="008">260309b2006    mx ||||| |||| 00| 0 spa d</controlfield>
  <datafield tag="020" ind1=" " ind2=" ">
    <subfield code="a">970770778X</subfield>
  </datafield>
  <datafield tag="020" ind1=" " ind2=" ">
    <subfield code="a">978970770778X</subfield>
  </datafield>
  <datafield tag="040" ind1=" " ind2=" ">
    <subfield code="a">BIBLIOTECA UNIBE</subfield>
    <subfield code="b">spa</subfield>
    <subfield code="c">BIBLIOTECA UNIBE</subfield>
  </datafield>
  <datafield tag="041" ind1=" " ind2=" ">
    <subfield code="a">spa</subfield>
  </datafield>
  <datafield tag="082" ind1=" " ind2=" ">
    <subfield code="2">22</subfield>
    <subfield code="a">894.3533 P186L 2006</subfield>
  </datafield>
  <datafield tag="100" ind1="1" ind2=" ">
    <subfield code="a">Pamuk, Orhan,</subfield>
    <subfield code="d">1952-</subfield>
    <subfield code="e">autor</subfield>
    <subfield code="9">203032</subfield>
  </datafield>
  <datafield tag="240" ind1="1" ind2="0">
    <subfield code="a"> Kara kitap.</subfield>
    <subfield code="s">English</subfield>
  </datafield>
  <datafield tag="245" ind1="1" ind2="3">
    <subfield code="a">El libro negro /</subfield>
    <subfield code="c">Orhan Pamuk</subfield>
  </datafield>
  <datafield tag="250" ind1=" " ind2=" ">
    <subfield code="a">Primera edici&#xF3;n</subfield>
  </datafield>
  <datafield tag="260" ind1=" " ind2=" ">
    <subfield code="a">M&#xE9;xico, D.F. :</subfield>
    <subfield code="b">Santillana Ediciones Generales, S.A. de C.V. :</subfield>
    <subfield code="b">Alfaguara,</subfield>
    <subfield code="c">2006</subfield>
  </datafield>
  <datafield tag="300" ind1=" " ind2=" ">
    <subfield code="a">580 p&#xE1;ginas ;</subfield>
    <subfield code="c">23 cm</subfield>
  </datafield>
  <datafield tag="500" ind1=" " ind2=" ">
    <subfield code="a">T&#xED;tulo original: Kara Kitap</subfield>
  </datafield>
  <datafield tag="520" ind1="3" ind2=" ">
    <subfield code="a">Parodiando una intriga polic&#xED;aca, el autor nos embarca en un juego de espejismos en el que los personajes se desdoblan para volver a unirse y con el que las f&#xE1;bulas lindan sin frontera perceptible con la realidad de los sujetos y objetos concretos, y donde el sinsentido tiene una raz&#xF3;n oculta. Simplificando, la trama de esta obra podr&#xED;a definirse como la historia de dos hombres que se parec&#xED;an tanto que al final acabaron cambi&#xE1;ndose el uno por el otro. En el coraz&#xF3;n de la obra est&#xE1; la cuesti&#xF3;n crucial y metaf&#xED;sica de la identidad iluminada por la introducci&#xF3;n de referencias hist&#xF3;ricas al misticismo suf&#xED; del popular poeta Mavlana. Los gui&#xF1;os y apelaciones al lector son innumerables, y por todo el recorrido despunta la iron&#xED;a y la intriga.</subfield>
  </datafield>
  <datafield tag="650" ind1=" " ind2="7">
    <subfield code="2">lemb</subfield>
    <subfield code="a">Literatura turca</subfield>
    <subfield code="y">Siglo XX</subfield>
    <subfield code="9">203066</subfield>
  </datafield>
  <datafield tag="650" ind1=" " ind2="7">
    <subfield code="2">lemb</subfield>
    <subfield code="a">Novela turca</subfield>
    <subfield code="y">Siglo XX</subfield>
    <subfield code="9">203067</subfield>
  </datafield>
  <datafield tag="650" ind1=" " ind2="7">
    <subfield code="2">lemb</subfield>
    <subfield code="a">Novela polic&#xED;aca turca</subfield>
    <subfield code="9">203068</subfield>
  </datafield>
  <datafield tag="650" ind1=" " ind2="7">
    <subfield code="2">lemb</subfield>
    <subfield code="a">Novela de ciencia ficci&#xF3;n turca</subfield>
    <subfield code="9">203069</subfield>
  </datafield>
  <datafield tag="651" ind1=" " ind2="7">
    <subfield code="2">lemb</subfield>
    <subfield code="a">Estambul (Turqu&#xED;a) </subfield>
    <subfield code="x">Novela de ciencia ficci&#xF3;n </subfield>
    <subfield code="9">203062</subfield>
  </datafield>
  <datafield tag="655" ind1=" " ind2=" ">
    <subfield code="a">Historias legales</subfield>
    <subfield code="9">203063</subfield>
  </datafield>
  <datafield tag="655" ind1=" " ind2=" ">
    <subfield code="a">Historias de detectives y misterio</subfield>
    <subfield code="9">203064</subfield>
  </datafield>
  <datafield tag="700" ind1="1" ind2=" ">
    <subfield code="a">Carpintero Ortega, Rafael,</subfield>
    <subfield code="d">1962-</subfield>
    <subfield code="e">traductor</subfield>
    <subfield code="9">203065</subfield>
  </datafield>
  <datafield tag="942" ind1=" " ind2=" ">
    <subfield code="2">ddc</subfield>
    <subfield code="c">BK</subfield>
  </datafield>
  <datafield tag="999" ind1=" " ind2=" ">
    <subfield code="c">114421</subfield>
    <subfield code="d">114421</subfield>
  </datafield>
  <datafield tag="952" ind1=" " ind2=" ">
    <subfield code="0">0</subfield>
    <subfield code="1">0</subfield>
    <subfield code="2">ddc</subfield>
    <subfield code="7">0</subfield>
    <subfield code="8">GEN</subfield>
    <subfield code="a">Principal</subfield>
    <subfield code="d">2026-01-09</subfield>
    <subfield code="l">0</subfield>
    <subfield code="o">894.3533 P186L 2006</subfield>
    <subfield code="p">260199</subfield>
    <subfield code="r">2026-03-09 11:15:33</subfield>
    <subfield code="t">Ej. 1</subfield>
    <subfield code="w">2026-03-09</subfield>
    <subfield code="y">BK</subfield>
  </datafield>
</record>
